| 000 | 00640nam a2200217 i 4500 | ||
|---|---|---|---|
| 001 | 75136 | ||
| 003 | ES-MaACL | ||
| 005 | 20230906172339.0 | ||
| 007 | t| | ||
| 008 | 040922s1955 sp ||||1| spa d | ||
| 100 | 1 |
_aGraham, Alice Walworth. _959515 |
|
| 245 | 1 | 0 |
_aIndigo Bend _b: novela / _cAlice Walworth Graham ; [traducción del inglés por Manuel Torrente]. |
| 250 | _a[1ª ed.]. | ||
| 260 |
_aBarcelona : _bPlaneta, _c[1955] ( _fAmpurias) |
||
| 300 |
_a411 p. ; _c19 cm. |
||
| 490 | 1 | _aGoliat | |
| 700 | 1 |
_aTorrente, Manuel. _9110848 |
|
| 830 | 0 |
_aGoliat _9181396 |
|
| 852 |
_aES-MaACL _jC-10011 _bR.38211 |
||
| 999 |
_c75136 _d75136 |
||